Cartas íntimas

Kaydedildi:
Detaylı Bibliyografya
Asıl Yazarlar: Larraín García Moreno, Ana Luisa (Yazar), Teresa de la Trinidad (Yazar)
Materyal Türü: Kitap
Dil:İspanyolca
Baskı/Yayın Bilgisi: Santiago Imprenta y Encuadernación Claret, Diez de julio 1140 1928
Edisyon:1a. ed
Konular:
Etiketler: Etiketle
Etiket eklenmemiş, İlk siz ekleyin!

MARC

LEADER 00000nam a2200000 a 4500
001 UCJ6878
003 CL-VaPUC
008 070124e19280122CL |||||||||||||||||spa|d
082 0 4 |a Ch864  |b LAR  |2 21 
100 |a Larraín García Moreno, Ana Luisa  |e author  |9 514368 
700 0 |a Teresa de la Trinidad  |e author  |9 514369 
245 1 0 |a Cartas íntimas 
250 |a 1a. ed 
300 |a viii, 512 p 
942 |c BK 
945 |d 20070124 00:00:00  |a rinostro 
260 |a Santiago  |b Imprenta y Encuadernación Claret, Diez de julio 1140  |c 1928 
650 0 |a Poesía   |9 265825 
650 7 |a EPISTOLARIO  |2 CL-VaPUC  |9 321776 
650 7 |a ORDENES RELIGIOSAS FEMENINAS  |2 CL-VaPUC  |9 514370 
583 |a last modification  |c 20070124 00:00:00  |k Rodrigo Vera 
999 |c 322980  |d 322978 
952 |0 0  |1 0  |4 0  |6 CH_864_000000000000000_LAR_1928  |7 0  |8 X  |9 402178  |a FDOBUD  |b FDOBUD  |d 2019-11-22  |i 1054333  |o Ch864 LAR 1928  |p 1054333  |r 2019-11-22  |w 2019-11-22  |y BK_X  |k BUD